Core Principles and Applications of Corporate Finance. (Record no. 7578)

MARC details
000 -LEADER
fixed length control field 00642nam a22002177a 4500
003 - CONTROL NUMBER IDENTIFIER
control field OSt
005 - DATE AND TIME OF LATEST TRANSACTION
control field 20211208133721.0
008 - FIXED-LENGTH DATA ELEMENTS--GENERAL INFORMATION
fixed length control field 211208b ||||| |||| 00| 0 eng d
020 ## - INTERNATIONAL STANDARD BOOK NUMBER
International Standard Book Number 9780071310703
040 ## - CATALOGING SOURCE
Transcribing agency ddc
082 ## - DEWEY DECIMAL CLASSIFICATION NUMBER
Classification number 658.15 COR 2011
100 ## - MAIN ENTRY--PERSONAL NAME
Personal name Stephen A. Ross; Randolph W. Westerfield; Jeffrey F. Jaffe
9 (RLIN) 15500
245 ## - TITLE STATEMENT
Title Core Principles and Applications of Corporate Finance.
250 ## - EDITION STATEMENT
Edition statement 3rd ed.
260 ## - PUBLICATION, DISTRIBUTION, ETC. (IMPRINT)
Place of publication, distribution, etc. New York:
Name of publisher, distributor, etc. McGraw-Hill Education;
Date of publication, distribution, etc. c2011
300 ## - PHYSICAL DESCRIPTION
Extent 752p.:
Other physical details ill;
Dimensions 26cm,
504 ## - BIBLIOGRAPHY, ETC. NOTE
Bibliography, etc Includes index.
650 ## - SUBJECT ADDED ENTRY--TOPICAL TERM
Topical term or geographic name as entry element Corporations -- Finance
9 (RLIN) 15501
650 ## - SUBJECT ADDED ENTRY--TOPICAL TERM
Topical term or geographic name as entry element Finance.
9 (RLIN) 5401
942 ## - ADDED ENTRY ELEMENTS (KOHA)
Source of classification or shelving scheme Dewey Decimal Classification
Koha item type Book
Holdings
Withdrawn status Lost status Source of classification or shelving scheme Damaged status Not for loan Home library Current library Date acquired Source of acquisition Inventory number Total Checkouts Full call number Barcode Date last seen Price effective from Koha item type
    Dewey Decimal Classification     Faculty of Management Science Library Faculty of Management Science Library 08/12/2021 Purchase 15/4791   658.15 COR 2011 2021-2075 08/12/2021 08/12/2021 Book
    Dewey Decimal Classification     Faculty of Management Science Library Faculty of Management Science Library 08/12/2021 Purchase 15/4831   658.15 COR 2011 2021-2076 08/12/2021 08/12/2021 Book
    Dewey Decimal Classification     Faculty of Management Science Library Faculty of Management Science Library 08/12/2021 Purchase 15/4793   658.15 COR 2011 2021-2077 08/12/2021 08/12/2021 Book
    Dewey Decimal Classification     Faculty of Management Science Library Faculty of Management Science Library 08/12/2021 Purchase 15/4794   658.15 COR 2011 2021-2078 08/12/2021 08/12/2021 Book
    Dewey Decimal Classification     Faculty of Management Science Library Faculty of Management Science Library 08/12/2021 Purchase 15/4832   658.15 COR 2011 2021-2079 08/12/2021 08/12/2021 Book
    Dewey Decimal Classification     Faculty of Management Science Library Faculty of Management Science Library 08/12/2021 Purchase 15/4795   658.15 COR 2011 2021-2080 08/12/2021 08/12/2021 Book
    Dewey Decimal Classification     Faculty of Management Science Library Faculty of Management Science Library 08/12/2021 Purchase 15/40181   658.15 COR 2011 2021-2081 08/12/2021 08/12/2021 Book
    Dewey Decimal Classification     Faculty of Management Science Library Faculty of Management Science Library 08/12/2021 Purchase 15/4830   658.15 COR 2011 2021-2082 08/12/2021 08/12/2021 Book
    Dewey Decimal Classification     Faculty of Management Science Library Faculty of Management Science Library 08/12/2021 Purchase 15/4792   658.15 COR 2011 2021-2083 08/12/2021 08/12/2021 Book
    Dewey Decimal Classification     Faculty of Management Science Library Faculty of Management Science Library 08/12/2021 Purchase 15/4829   658.15 COR 2011 2021-2084 08/12/2021 08/12/2021 Book
    Dewey Decimal Classification     Faculty of Management Science Library Faculty of Management Science Library 08/12/2021 Purchase 15/4833   658.15 COR 2011 2021-2085 08/12/2021 08/12/2021 Book